Bunk'd Theme Song Lyrics - Statistics

General Stats
  • This quiz has been taken 75 times
    71 since last reset
  • The average score is 9 of 11
Answer Stats
Missing Lyrics % Correct
Hangin' out with somone {new}
98%
Kikiwaka! This is our {home} away from, {home} away from, {home} away from {home}
93%
Here we go, we're leavin' the city {behind right now}
92%
Together by the {campfire light} and sing this song Kikiwaka!
92%
It's on your {shoe!}
90%
Shower's {broke,} but we don't care!
85%
What's that {smell?}
85%
Kikiwaka! Got a {s'more} in my hair!
78%
{Mosquito's} in our underwear
78%
But watch your back, a {bear} just ate your {phone}
54%
Then {fallin' out} of a camp canoe
53%
No matching quizzes found
Score Distribution
Percent of People with Each Score
Percentile by Number Answered
Your Score History
You have not taken this quiz since the last reset